Bienvenue à la Médiathèque de Saint-Andiol
banniere
Accueil Recherche avancée Mon compte
handi1 Rechercher dans le catalogue

Filtre   Mots-clés
  Recherche avancée
 
Lister les dernières nouveautés
 
Lister les livres GROS CARACTERES
 
Lister les périodiques (magazines)

handi1 A la mode de chez nous

Book Cover
Auteur principal : Wilmaury
Autres auteurs : Christophe Cazenove
Titre : A la mode de chez nous
Support : Livres
Langue : Francais
Publié : DL 2008 Bamboo éd. Charnay-lès-Mâcon
Series : (Les )sisters
Genre : Bande Dessinée (enfants)
Collection : (Les )sisters
Sujets :
Étiquettes :
Pas de tags
LEADER 01470nam0a2200229 450
001 16868330
010 |a 978-2-35078-549-3  |b rel.  |d 11,9 € 
100 |a 20250529d2026 u u0frey01 ba 
101 0 |a fre 
102 |a FR 
200 0 |a A la mode de chez nous  |f dessin & couleurs, William  |g scénario, Cazenove & William 
207 1 |a   
210 |a Charnay-lès-Mâcon  |c Bamboo éd.  |d DL 2008 
215 |a 1 vol. (46 p.)  |c ill. en coul., couv. ill. en coul.  |d 30 cm 
225 1 |a (Les )sisters  |v 2 
330 |a Wendy, c'est ma grande sister. Moi, du coup, j'suis la plus petite. Si qu'on m'avait demandé mon avis, j'aurais préféré être l'aînée des deux. Ben oui quoi, moi je saurai jamais ce que ça fait d'avoir un p'tite soeur qui fait tout pareil que moi, qui essaie par tous les moyens de forcer le cadenas de mon journal intime, qui écoute à la porte de ma chambre quand je parle des garçons avec mes meilleures cop's, qui fait rien qu'à me piquer mes fringues dès que j'ai le dos tourné, qui découpe les photos dans mes magazines préférés... En fait, ça m'aurait trop plu d'être ma propre sister... juste pour avoir la chance de m'avoir moi comme sister !!! 
461 0 |t (Les )sisters  |v 2 
700 0 |a Wilmaury  |f 1969-....  |4 70 
701 0 |a Cazenove  |b Christophe  |c scénariste BD  |f 1969-....  |4 70 
900 |a Bande Dessinée (enfants) 
901 |a Jeunesse 
995 |a Médiathèque  |c Médiathèque  |f 089021888  |h 089021888  |k BD SIS  |o p  |q j  |r az  |e Médiathèque